Najczęściej odwiedzane sklepy w 2024 - Statystyki

Ogólne statystyki
  • Ten quiz został rozwiązany 132 razy
  • Średni wynik to 6 z 13
Statystyki odpowiedzi
Hint Odpowiedź % Poprawnych
1. Lidl
97%
2. Biedronka
96%
6. Auchan
58%
10. Rossman
47%
7. Action
43%
8. Pepco
42%
3. Lewiatan
39%
13. Castorama
33%
11. Hebe
30%
12. Ikea
24%
9. Dealz
23%
4. Obi
23%
5. PSB Mrówka
8%
Nie znaleziono quizów pasujących do podanych kryteriów
Rozkład punktacji
Procent ludzi z każdym wynikiem
Percentyl według liczby udzielonych odpowiedzi
Twoja historia wyników
Nie rozwiązałeś tego quizu